000 00398cam a22001217a 4500
008 180718b1965 xxu||||| |||| 00| 0 eng d
082 _aK45 N811
100 _aEargle , Fred L
245 _aMeasure of a man: methods of employee performance rating
_cby Fred L . Eargle
260 _aCarolina
_bThe Industrial Extention Service School of Engineering
_c1965
300 _a12p.
650 _aService rating
999 _c441682
_d441682